| 000 | 01028nam a22002537a 4500 | ||
|---|---|---|---|
| 001 | BD-DhSAU 9069 | ||
| 003 | BD-DhSAU | ||
| 005 | 20181208161924.0 | ||
| 008 | 150612b2007 bg a||||r|||| 000 0 eng d | ||
| 040 | _aBD-DhSAU | ||
| 082 |
_222 _a630 _bR8122 |
||
| 100 |
_aRoy, Jhilmil _eRegistration No. # 27433/00644 |
||
| 245 |
_aEffect of sowing depth and population density on growth and yield of wheat / _bMS thesis _cby Jhilmil Roy |
||
| 260 |
_aSher-e- Bangla Agricultural University : _bDepartment of Agronomy, _c2007. |
||
| 300 |
_axv, 79 p. : _bill. , _c30 cm. |
||
| 500 | _aMS thesis of Department of Horticulture and Postharvest Technology, Faculty of Agriculture, Sher-e-Bangla Agricultural University, Dhaka, Bangladesh | ||
| 590 | _ajoy | ||
| 650 | _aAgronomy. | ||
| 650 |
_aWheat _xGrowth and yield |
||
| 700 |
_aBiswas, Parimal Kanti _eSupervisor |
||
| 700 |
_aAli, Md. Hazrat _eCo-Supervisor |
||
| 856 | _uhttp://archive.saulibrary.edu.bd:8080/xmlui/handle/123456789/1397 | ||
| 942 |
_2ddc _cTHESIS |
||
| 999 |
_c9069 _d9069 |
||